Победители Лиги Чемпионов по логотипу - Statistics

General Stats
  • This quiz has been taken 56 times
  • The average score is 6 of 24
Answer Stats
Picture Answer % Correct
Реал Мадрид
98%
Бенфика
90%
Интер Милан
38%
Манчестер Юнайтед
38%
Аякс
33%
Ливерпуль
33%
Бавария Мюнхен
31%
Астон Вилла
31%
Ювентус
31%
Ноттингем Форест
24%
ПСВ
21%
Фейеноорд
17%
ФК Барселона
17%
Боруссия Дортмунд
14%
Челси
14%
Манчестер Сити
10%
Пари Сен-Жермен
10%
Стяуа Бухарест
7%
Олимпик Марсель
7%
ФК Порту
5%
АC Милан
2%
Кельтский
0%
Гамбургский СП
0%
Красная звезда
0%
No matching quizzes found
Score Distribution
Percent of People with Each Score
Percentile by Number Answered
Your Score History
You have not taken this quiz